Jóvenes: III evaluación del conocimiento. La Investigación sobre juventud en México 1986-1999 /

Guardado en:
書目詳細資料
主要作者: Pérez Islas, José Antonio
Autores Corporativos: Instituto Mexicano de la Juventud, Centro de Investigación y Estudios sobre Juventud
格式: Texto
出版: México, D.F.: IMJ
主題:
標簽: 添加標簽
沒有標簽, 成為第一個標記此記錄!

MARC

LEADER 00000 a a2200000 04500
001 26756
003
040
020 |a 968-5224-03-X  
090 |a 149611  
100 |a Pérez Islas, José Antonio  
110 |a Instituto Mexicano de la Juventud  
245 |a Jóvenes: III evaluación del conocimiento. La Investigación sobre juventud en México 1986-1999 /  |c Instituto Mexicano de la Juventud  
260 |a México, D.F.:   |b IMJ  
300 |a 634 p. en II tomos  
650 |a JUVENTUD  
650 |a SEXUALIDAD  
650 |a COMPORTAMIENTO SEXUAL  
710 |a Centro de Investigación y Estudios sobre Juventud  
999 |c 11943  |d 11943